01099nam a2200193Ia 4500001001100000003001000011008004100021040002500062041001300087100003000100245008500130250001100215260006700226300001200293500022600305501011400531520022600645650003400871L240-12691IT-CnALBA170116s9999||||xx |||||||||||||| ||und|| aIT-CnALBAcIT-CnALBA aITALIANO aTIHAMER TOTH, MONS. DOTT. 0aIL SIMBOLO DEGLI APOSTOLI. VOL. IV: REDENTORE. SOFFERENZE. PASSIONE DI GESÙ.  a1a ed. aPADOVA - VCbGREGORIANA LIBRERIA EDITRICEc1944 [1° Ed.:1944] a280 p.  aCURATORE U. CAMOZZO. INCARNAZIONE DEL FIGLIO DI DIO. MOTIVI. IL SALVATORE. LA REDENZIONE. IL FIGLIOL PRODIGO. SOFFERENZA DI CRISTO. FRUTTO. PASSIONE. PIETRO. GIUDA. PILATO. DONNE. OLOCAUSTO COMPLETO. OBBEDIENZA AL PADRE.  aSocietà San Paolo EM - Piazza San Paolo, 14 - 12051 ALBA (CN) (non commercial uses only) ® Copyright 2017 aCURATORE U. CAMOZZO. INCARNAZIONE DEL FIGLIO DI DIO. MOTIVI. IL SALVATORE. LA REDENZIONE. IL FIGLIOL PRODIGO. SOFFERENZA DI CRISTO. FRUTTO. PASSIONE. PIETRO. GIUDA. PILATO. DONNE. OLOCAUSTO COMPLETO. OBBEDIENZA AL PADRE.  aTEOLOGIA SPIRITUALE CRISTIANA